The employed woman homemaker in the United States; (Record no. 36212)

MARC details
000 -LEADER
fixed length control field 00881cam a22002291 4500
001 - CONTROL NUMBER
control field l 37000030
003 - CONTROL NUMBER IDENTIFIER
control field DLC
005 - DATE AND TIME OF LATEST TRANSACTION
control field 20260227111535.0
008 - FIXED-LENGTH DATA ELEMENTS--GENERAL INFORMATION
fixed length control field 840522s1936 dcuf f000 0 eng c
010 ## - LIBRARY OF CONGRESS CONTROL NUMBER
LC control number l 37000030
035 ## - SYSTEM CONTROL NUMBER
System control number (OCoLC)10763493
040 ## - CATALOGING SOURCE
Original cataloging agency U.S. Dept. of Labor. Library
Transcribing agency ViBlbV
Modifying agency DLC
042 ## - AUTHENTICATION CODE
Authentication code premarc
050 00 - LIBRARY OF CONGRESS CALL NUMBER
Classification number HD6093
Item number .A35 no. 148
100 1# - MAIN ENTRY--PERSONAL NAME
Personal name Pidgeon, Mary Elizabeth.
245 14 - TITLE STATEMENT
Title The employed woman homemaker in the United States;
Remainder of title her responsibility for family support,
Statement of responsibility, etc. by Mary Elizabeth Pidgeon.
260 ## - PUBLICATION, DISTRIBUTION, ETC.
Place of publication, distribution, etc. Washington,
Name of publisher, distributor, etc. U.S. Govt. print. off.,
Date of publication, distribution, etc. 1936.
300 ## - PHYSICAL DESCRIPTION
Extent v, 22 p.
Other physical details plates
Dimensions 23 cm.
440 #0 - SERIES STATEMENT/ADDED ENTRY--TITLE
Title Bulletin of the Women's Bureau ;
Volume/sequential designation no. 148
500 ## - GENERAL NOTE
General note At head of title: United States Department of Labor. Frances Perkins, secretary. Women's Bureau. Mary Anderson, director.
650 #0 - SUBJECT ADDED ENTRY--TOPICAL TERM
Topical term or geographic name entry element Women
General subdivision Employment
Geographic subdivision United States.

No items available.

Powered by Koha